| 000 | 00336nam a2200133Ia 4500 | ||
|---|---|---|---|
| 005 | 20260328101522.0 | ||
| 008 | 260328s9999||||xx |||||||||||||| ||und|| | ||
| 100 | _aBox, Hal | ||
| 245 | 0 |
_aThink like an Architect / _cHal Box |
|
| 260 | _bUniversity of Texas Press | ||
| 300 | _a212 p. | ||
| 650 | _aARQUITECTURA - ELEMENTOS | ||
| 942 | _cBK | ||
| 999 |
_c9617 _d9617 |
||